01601cam a22003734i 4500003000900000005001700009008004100026035001900067035001900086040003300105082001900138100002700157245006200184264006200246300002800308336002100336337002500357338002300382505069900405526001001104526001001114526000901124526000901133526000901142526000901151526000901160526000901169526000901178526000801187526000801195526000801203526000801211526000801219PE-LiUPU20250731165527.0150623s r 000 0 d a(Sirsi) a29062 a(Sirsi) a29062 aPE-LiUPUbspacPE-LiUPUerda04a284.2bC182211 aCalvino, Juan,eautor.10aInstitución de la religión cristiana /cJuan Calvino. 1aBuenos Aires, Argentina :bLibrería "La Aurora",c1936. a377 páginas ;c23 cm. atext2rdacontent aunmediated2rdamedia avolume2rdacarrier0 aTexto y notas de la edición. - Nota del traductor. -Portada de la primera versión española. - Prefacio de Cipriano de Valera. (A todos los fieles de la nación española). -Carta dedicatoria de Juan Calvino al rey Francisco I de Francia. -De la ley de la cual contiene la explicación del decálogo. -De la fe, donde se explica el llamado símbolo de los apóstoles. -De la oración, donde se expone la oración dominical. De los sacramentos. -Se declara que no son sacramentos los cinco restantes que, hasta ahora, han sido tenidos por el vulgo como tales:se dice despues cuáles sean. De la libertad cristiana, de la potestad eclesiástica y de la administración politíca. aSEG44 aSEG26 aP151 aP150 aP149 aP146 aP145 aP126 aP125 aP92 aP75 aP74 aP27 aP15